00381caa a22001692a 4500001000900000003001100009008004700020092001500067110002600082245002700108245002000135440000700155260001300162650001200175942000900187999001500196 000438 AR-FADEU 311216n############xxu####################dd aPP(300)NOT aClaeh - Idrc - Unicef b¿Qué es la pobreza? aNotas del claeh n51 cnov 1987 aPOBREZA cPPGR c3216d3216